[Event "Amber-blind 10th"]
[Site "Monte Carlo"]
[Date "2001.03.29"]
[Round "11"]
[White "Shirov, Alexei"]
[Black "Anand, Viswanathan"]
[Result "1/2-1/2"]
[WhiteElo "2718"]
[BlackElo "2790"]
[PlyCount "51"]
[EventDate "2001.03.17"]
[Source "ChessBase"]
[SourceDate "2001.05.06"]

1. e4 e6 2. d4 d5 3. Nc3 Nf6 4. Bg5 dxe4 5. Nxe4 Nbd7 6. Nf3 h6 7. Nxf6+ Nxf6 8. Be3 a6 9. Bd3 b5 10. Qe2 Bd6 11. a4 b4 12. Ne5 Bb7 13. Bb5+ Kf8 14. Bc6 Bxc6 15. Nxc6 Qe8 16. Qc4 Nd5 17. a5 Qc8 18. O-O Qb7 19. Bd2 g5 20. Ra4 Qb5 21. b3 Kg7 22. Nxb4 Bxb4 23. Bxb4 Qxc4 24. bxc4 Nxb4 25. Rxb4 c5 26. dxc5 1/2-1/2

[Event "Sydney ol exh"]
[Site "Sydney"]
[Date "2000.09.24"]
[Round "2"]
[White "Anand, Viswanathan"]
[Black "Shirov, Alexei"]
[Result "1/2-1/2"]
[WhiteElo "2762"]
[BlackElo "2746"]
[PlyCount "66"]
[EventDate "2000.09.24"]
[Source "ChessBase"]
[SourceDate "2000.11.10"]

1. e4 e6 2. d4 d5 3. Nc3 Nf6 4. Bg5 dxe4 5. Nxe4 Be7 6. Bxf6 Bxf6 7. Nf3 O-O 8. Bc4 Nc6 9. c3 e5 10. d5 Ne7 11. Nxf6+ gxf6 12. Qd2 Kh8 13. O-O-O Bg4 14. Be2 Qd6 15. Nh4 Rg8 16. g3 Rad8 17. Bxg4 Rxg4 18. Qe2 Ra4 19. Kb1 Nxd5 20. Nf5 Qe6 21. Ne3 Rd6 22. Nxd5 Rxd5 23. a3 Raa5 24. c4 Rd4 25. Rxd4 exd4 26. Qd3 Rc5 27. Qxd4 Rxc4 28. Qd8+ Kg7 29. Rd1 Qf5+ 30. Qd3 Qxd3+ 31. Rxd3 f5 32. Rd8 a5 33. Rd5 a4 1/2-1/2

[Event "Monte Carlo, Amber 2005 (blind)"]
[Site "?"]
[Date "2005.03.30"]
[Round "10"]
[White "Ivanchuk Vassily"]
[Black "Morozevich Alexander"]
[Result "1-0"]
[WhiteElo "2711"]
[BlackElo "2741"]
[PlyCount "71"]
[EventDate "2005.??.??"]
[Source "www.chesslib.no"]
[SourceDate "2004.05.04"]

1. e4 e6 2. d4 d5 3. Nc3 Nf6 4. Bg5 dxe4 5. Nxe4 Be7 6. Bxf6 Bxf6 7. Nf3 Nd7 8. Qd2 b6 9. Bb5 Bb7 10. Nxf6+ gxf6 11. Qc3 c6 12. Bxc6 Rc8 13. d5 O-O 14. Nd4 Kh8 15. Qd2 Ba6 16. O-O-O Ne5 17. Qh6 Rg8 18. dxe6 Nd3+ 19. cxd3 Qxd4 20. exf7 Rg7 21. Kb1 Rxf7 22. Rhe1 Bxd3+ 23. Ka1 Qxf2 24. Bf3 Bg6 25. h4 Qg3 26. a3 Bc2 27. Rc1 Qg6 28. Qf4 Rfc7 29. Re6 Bb3 30. Rxc7 Bxe6 31. Rxa7 Rc4 32. Ra8+ Kg7 33. Ra7+ Kh8 34. Qe3 Qf5 35. Qh6 Qg6 36. Ra8+ 1-0

[Event "Enghien les Bains"]
[Site "Enghien les Bains"]
[Date "2003.06.15"]
[Round "3"]
[White "Polgar, Judit"]
[Black "Bareev, Evgeny"]
[Result "1/2-1/2"]
[WhiteElo "2715"]
[BlackElo "2734"]
[PlyCount "76"]
[EventDate "2003.06.13"]
[Source "ChessBase"]
[SourceDate "2003.09.25"]

1. e4 e6 2. d4 d5 3. Nc3 Nf6 4. Bg5 dxe4 5. Nxe4 Nbd7 6. Nf3 h6 7. Bxf6 Nxf6 8. Bd3 Nxe4 9. Bxe4 c5 10. c3 cxd4 11. Qa4+ Qd7 12. Qc4 Bd6 13. Qxd4 O-O 14. O-O-O Bf4+ 15. Kb1 Qxd4 16. Nxd4 a6 17. c4 Bg5 18. Rhe1 Be7 19. f4 Rd8 20. Nf3 a5 21. Ne5 a4 22. c5 Rxd1+ 23. Rxd1 f6 24. Nd7 Bxd7 25. Rxd7 Bxc5 26. Bxb7 Ra7 27. Bc8 e5 28. fxe5 fxe5 29. Rxa7 Bxa7 30. Kc2 e4 31. Bd7 a3 32. b4 Bd4 33. Kb3 Bb2 34. b5 Kf8 35. b6 Ke7 36. Bc6 e3 37. b7 Be5 38. Bf3 Bxh2 1/2-1/2

[Event "Cannes NAO Masters"]
[Site "Cannes"]
[Date "2002.02.26"]
[Round "5"]
[White "Topalov, Veselin"]
[Black "Bareev, Evgeny"]
[Result "1/2-1/2"]
[WhiteElo "2739"]
[BlackElo "2707"]
[PlyCount "37"]
[EventDate "2002.02.22"]
[Source "ChessBase"]
[SourceDate "2002.03.21"]

1. e4 e6 2. d4 d5 3. Nc3 Nf6 4. Bg5 dxe4 5. Nxe4 Nbd7 6. Nf3 h6 7. Nxf6+ Nxf6 8. Bxf6 Qxf6 9. Bb5+ c6 10. Bd3 Bd7 11. Qe2 c5 12. Qe4 Rb8 13. Ne5 Bd6 14. f4 cxd4 15. O-O Bxe5 16. fxe5 Qg5 17. Qxd4 Bc6 18. Be4 O-O 19. Bxc6 1/2-1/2

[Event "Corus"]
[Site "Wijk aan Zee"]
[Date "2003.01.24"]
[Round "11"]
[White "Polgar, Judit"]
[Black "Bareev, Evgeny"]
[Result "1/2-1/2"]
[WhiteElo "2700"]
[BlackElo "2729"]
[PlyCount "58"]
[EventDate "2003.01.11"]
[Source "ChessBase"]
[SourceDate "2003.04.01"]

1. e4 e6 2. d4 d5 3. Nc3 Nf6 4. Bg5 dxe4 5. Nxe4 Be7 6. Bxf6 Bxf6 7. Nf3 Nd7 8. Nxf6+ Nxf6 9. Bb5+ Bd7 10. Bd3 c5 11. dxc5 Qa5+ 12. c3 Qxc5 13. Qe2 Nd5 14. Qe5 O-O-O 15. Be4 f6 16. Qd4 Qxd4 17. Nxd4 Ne7 18. f4 f5 19. Bc2 Ng6 20. O-O Nxf4 21. Rxf4 e5 22. Rxf5 exd4 23. Rc5+ Bc6 24. Be4 Kc7 25. Bxc6 bxc6 26. cxd4 Rxd4 27. Rac1 Rd6 28. h4 Re8 29. R1c2 Re4 1/2-1/2

[Event "Leon Man+Comp playoff"]
[Site "Leon"]
[Date "2000.06.03"]
[Round "1.3"]
[White "Polgar, Judit"]
[Black "Anand, Viswanathan"]
[Result "1/2-1/2"]
[WhiteElo "2658"]
[BlackElo "2769"]
[PlyCount "67"]
[EventDate "2000.06.03"]
[Source "ChessBase"]
[SourceDate "2000.10.18"]

1. e4 e6 2. d4 d5 3. Nc3 Nf6 4. Bg5 dxe4 5. Nxe4 Nbd7 6. Nf3 h6 7. Nxf6+ Nxf6 8. Bd2 c5 9. c3 cxd4 10. cxd4 Be7 11. Bd3 Bd7 12. Ne5 Bc6 13. Nxc6 bxc6 14. Bc3 Nd5 15. Qa4 O-O 16. O-O c5 17. Be4 Nxc3 18. bxc3 Rc8 19. Qxa7 cxd4 20. cxd4 Bf6 21. Rad1 Rc4 22. Qa6 Rxd4 23. Rxd4 Qxd4 24. Qd3 Qxd3 25. Bxd3 Ra8 26. Bc4 Kf8 27. Rd1 Ke7 28. Kf1 Be5 29. g3 g5 30. h3 Ra7 31. Ke2 Kf6 32. Rd3 Ke7 33. Ke3 Bd6 34. Ke2 1/2-1/2

[Event "Porzellan Cup"]
[Site "Dresden"]
[Date "2000.??.??"]
[Round "3.2"]
[White "Almasi, Zoltan"]
[Black "Shirov, Alexei"]
[Result "1/2-1/2"]
[WhiteElo "2675"]
[BlackElo "2750"]
[PlyCount "88"]
[EventDate "2000.01.??"]
[Source "ChessBase"]
[SourceDate "2000.03.10"]

1. e4 e6 2. d4 d5 3. Nc3 Nf6 4. Bg5 dxe4 5. Nxe4 Be7 6. Bxf6 Bxf6 7. Nf3 O-O 8. Qd2 Nd7 9. O-O-O b6 10. Bc4 Bb7 11. d5 e5 12. Bb5 Nc5 13. Qe3 Nxe4 14. Qxe4 Qd6 15. Bc6 Bxc6 16. dxc6 Qc5 17. Rd2 Rad8 18. Rhd1 Rxd2 19. Rxd2 Rd8 20. b4 Qc3 21. Rxd8+ Bxd8 22. h4 h6 23. g4 Be7 24. b5 Bd6 25. a4 Bb4 26. Kd1 Qa1+ 27. Ke2 Qxa4 28. Qc4 a6 29. bxa6 b5 30. Qd3 Bd6 31. Nd2 Qxa6 32. Qd5 Qa4 33. Ne4 Qxc2+ 34. Kf3 b4 35. Nxd6 cxd6 36. Qxd6 b3 37. Qb8+ Kh7 38. c7 b2 39. c8=Q Qxc8 40. Qxc8 b1=Q 41. h5 Qd3+ 42. Kg2 Qe4+ 43. f3 Qf4 44. Qc2+ Kg8 1/2-1/2

[Event "FIDE GP+"]
[Site "Dubai"]
[Date "2002.04.05"]
[Round "3.1"]
[White "Anand, Viswanathan"]
[Black "Short, Nigel D"]
[Result "1-0"]
[WhiteElo "2757"]
[BlackElo "2663"]
[PlyCount "57"]
[EventDate "2002.04.03"]
[Source "ChessBase"]
[SourceDate "2002.08.12"]

1. e4 e6 2. d4 d5 3. Nc3 Nf6 4. Bg5 dxe4 5. Nxe4 Be7 6. Bxf6 gxf6 7. Nf3 a6 8. c4 f5 9. Nc3 c5 10. d5 O-O 11. Qc2 Bf6 12. O-O-O e5 13. Nd2 Bg7 14. f3 Qf6 15. Bd3 b5 16. Rdf1 h6 17. Kb1 b4 18. Na4 a5 19. g4 e4 20. fxe4 f4 21. e5 Qxe5 22. Re1 Qc7 23. Rhg1 Bd7 24. g5 h5 25. Ne4 Rd8 26. Nf6+ Kf8 27. Bf1 Qc8 28. Nb6 Bf5 29. Bd3 1-0

[Event "Wijk aan Zee"]
[Site "?"]
[Date "2000.??.??"]
[Round "?"]
[White "Anand, V."]
[Black "Korchnoi, V."]
[Result "1-0"]
[WhiteElo "2765"]
[BlackElo "2655"]
[PlyCount "37"]
[EventDate "2000.??.??"]
[Source "Chess Informant"]
[SourceDate "1999.10.01"]

1. e4 e6 2. d4 d5 3. Nc3 Nf6 4. Bg5 dxe4 5. Nxe4 Nbd7 6. Nf3 Be7 7. Nxf6+ Bxf6 8. h4 h6 9. Bxf6 Nxf6 10. Qd2 b6 11. O-O-O Bb7 12. Ne5 O-O 13. Bd3 c5 14. dxc5 Qc7 15. Rhe1 Bxg2 16. Re2 Kh8 17. Rg1 Bd5 18. Qf4 Qxc5 19. Re3 1-0

[Event "Frankfurt-West Masters"]
[Site "Frankfurt"]
[Date "1999.06.29"]
[Round "2"]
[White "Leko, Peter"]
[Black "Morozevich, Alexander"]
[Result "1-0"]
[WhiteElo "2694"]
[BlackElo "2723"]
[PlyCount "89"]
[EventDate "1999.06.29"]
[Source "ChessBase"]
[SourceDate "1999.10.01"]

1. e4 e6 2. d4 d5 3. Nc3 Nf6 4. Bg5 dxe4 5. Nxe4 Be7 6. Bxf6 gxf6 7. Nf3 a6 8. g3 b5 9. Bg2 Bb7 10. Qe2 Bd5 11. Nc3 c6 12. O-O-O Nd7 13. Kb1 Nb6 14. Rhe1 Qc7 15. Nh4 h5 16. f4 f5 17. Nf3 O-O-O 18. Ne5 Bf6 19. Nxd5 cxd5 20. Bf3 Bxe5 21. fxe5 Rh7 22. Rd3 Kb7 23. b3 Rc8 24. Kb2 Qe7 25. Qd2 Rc6 26. a3 Rh8 27. Rc3 Rxc3 28. Qxc3 h4 29. g4 Qg5 30. gxf5 Qxf5 31. Rf1 Qg6 32. Be2 Rc8 33. Qd2 Rc7 34. Bd3 Qh5 35. Rf4 Qg5 36. Qf2 Qe7 37. Qxh4 Qf8 38. Qe1 Nc8 39. h4 Na7 40. Rf6 Nc6 41. Qf2 Qg7 42. h5 b4 43. a4 Qg4 44. h6 Nxd4 45. Rf4 1-0

[Event "New Delhi (m/1) 83/(265)"]
[Site "?"]
[Date "2001.??.??"]
[Round "?"]
[White "Shirov, A."]
[Black "Gurevich, M."]
[Result "1/2-1/2"]
[WhiteElo "2746"]
[BlackElo "2667"]
[PlyCount "41"]
[EventDate "2001.??.??"]
[Source "Chess Informant"]
[SourceDate "2001.10.01"]

1. e4 e6 2. d4 d5 3. Nc3 Nf6 4. Bg5 dxe4 5. Nxe4 Be7 6. Bxf6 Bxf6 7. Nf3 Nd7 8. Bc4 a6 9. Qe2 b5 10. Bd5 Rb8 11. Bc6 O-O 12. O-O-O Rb6 13. d5 exd5 14. Bxd5 c6 15. Bb3 c5 16. Bd5 Qc7 17. Rhe1 Bd8 18. Qe3 c4 19. Nfg5 Bxg5 20. Qxg5 Nf6 21. g3 1/2-1/2

[Event "Tilburg"]
[Site "?"]
[Date "1991.??.??"]
[Round "?"]
[White "Karpov, An"]
[Black "Bareev, E."]
[Result "1/2-1/2"]
[WhiteElo "2730"]
[BlackElo "2680"]
[PlyCount "166"]
[EventDate "1991.??.??"]
[Source "ChessBase"]
[SourceDate "1991.10.01"]

1. e4 e6 2. d4 d5 3. Nc3 Nf6 4. Bg5 dxe4 5. Nxe4 Nbd7 6. Nf3 Be7 7. Nxf6+ Bxf6 8. Qd2 Bxg5 9. Nxg5 Nf6 10. Be2 Qd6 11. O-O-O O-O 12. Bf3 Rb8 13. Ne4 Nxe4 14. Bxe4 Bd7 15. Qe3 Bc6 16. f3 Rfd8 17. Bd3 b5 18. Kb1 b4 19. h4 Kh8 20. Be2 Bb5 21. b3 a5 22. Rhe1 a4 23. bxa4 Bxe2 24. Rxe2 Ra8 25. Qb3 Ra5 26. Rd3 Rda8 27. d5 Rxd5 28. Rxd5 exd5 29. Qd3 c6 30. h5 h6 31. Qf5 Kg8 32. g4 Qd8 33. f4 Rxa4 34. g5 Ra8 35. g6 Qf6 36. Qxf6 gxf6 37. Re7 fxg6 38. hxg6 Ra3 39. Rf7 h5 40. Rxf6 h4 41. Rxc6 h3 42. Rc7 Rf3 43. Rh7 Rxf4 44. Rxh3 Rg4 45. Rd3 Rxg6 46. Rxd5 Kf7 47. Rb5 Rg4 48. Re5 Kf6 49. Re3 Kf5 50. Kb2 Rg8 51. Kb3 Rb8 52. Re7 Kf4 53. Kc4 Kf5 54. Re1 Kf4 55. Kc5 Kf5 56. Re3 Kf4 57. Re1 Kf5 58. Re2 Kf4 59. Re6 Kf5 60. Re7 Kf4 61. Re6 Kf5 62. Re1 Kf4 63. Kc4 Kf5 64. Kb3 Kf4 65. Re7 Kf5 66. Rc7 Ke6 67. Rc4 Kd5 68. Rxb4 Ra8 69. a4 Kc6 70. c3 Kc7 71. Rf4 Ra5 72. Kb4 Rh5 73. a5 Kb7 74. c4 Rg5 75. c5 Rg1 76. Kc4 Ka6 77. Rf7 Rg4+ 78. Kd5 Kxa5 79. Kc6 Rg6+ 80. Kb7 Kb5 81. Rc7 Rg5 82. c6 Rg6 83. Rc8 Rh6 1/2-1/2

[Event "PCA/Intel-GP"]
[Site "London"]
[Date "1995.??.??"]
[Round "2"]
[White "Ivanchuk, Vassily"]
[Black "Dreev, Alexey"]
[Result "0-1"]
[WhiteElo "2740"]
[BlackElo "2670"]
[PlyCount "109"]
[EventDate "1995.08.??"]
[Source "ChessBase"]

1. e4 e6 2. d4 d5 3. Nc3 Nf6 4. Bg5 dxe4 5. Nxe4 Be7 6. Bxf6 Bxf6 7. Nf3 O-O 8. Qd2 Nd7 9. O-O-O b6 10. Bc4 c6 11. h4 Bb7 12. Nd6 Qc7 13. Nxb7 Qxb7 14. Ng5 c5 15. Bd3 h6 16. Bh7+ Kh8 17. Be4 Bxg5 18. Bxb7 Bxd2+ 19. Rxd2 Rab8 20. Bc6 Nf6 21. dxc5 Rfc8 22. Rd6 bxc5 23. Bf3 Rb6 24. Rhd1 Rxd6 25. Rxd6 Kg8 26. Kd2 Kf8 27. Kc3 Ke7 28. Ra6 Rc7 29. Kc4 Ne8 30. Rc6 Rd7 31. Rxc5 Rd2 32. Kc3 Rxf2 33. Ra5 Nd6 34. Rxa7+ Kf6 35. a4 e5 36. Kd3 e4+ 37. Bxe4 Nxe4 38. Kxe4 Rxc2 39. b3 Rxg2 40. a5 g5 41. hxg5+ hxg5 42. Kd5 g4 43. Ra8 Rd2+ 44. Kc5 Ke6 45. a6 Ra2 46. b4 g3 47. b5 g2 48. Rg8 f5 49. b6 Rc2+ 50. Kd4 Rd2+ 51. Ke3 Rb2 52. a7 Ra2 53. Rxg2 Ra3+ 54. Kd4 Ra4+ 55. Kc5 0-1

[Event "Merida"]
[Site "?"]
[Date "2000.??.??"]
[Round "?"]
[White "Polgar, Judit"]
[Black "Shirov, A."]
[Result "1/2-1/2"]
[WhiteElo "2655"]
[BlackElo "2750"]
[PlyCount "42"]
[EventDate "2000.??.??"]
[Source "Chess Informant"]
[SourceDate "2000.06.01"]

1. e4 e6 2. d4 d5 3. Nc3 Nf6 4. Bg5 dxe4 5. Nxe4 Nbd7 6. Nf3 Be7 7. Nxf6+ Bxf6 8. Qd2 O-O 9. O-O-O Bxg5 10. Nxg5 Nf6 11. Be2 Qd6 12. Bf3 Bd7 13. Bxb7 Rab8 14. Bf3 Bc6 15. Rhe1 h6 16. Bxc6 Qxc6 17. Nf3 Nd5 18. Qa5 Rb6 19. Ne5 Qb7 20. Qa3 Ra6 21. Qb3 Rb6 1/2-1/2

[Event "Candidats final"]
[Site "Buenos Aires"]
[Date "1971.10.07"]
[Round "3"]
[White "Fischer, Robert James"]
[Black "Petrosian, Tigran V"]
[Result "1/2-1/2"]
[WhiteElo "2760"]
[BlackElo "2640"]
[PlyCount "66"]
[EventDate "1971.09.30"]
[Source "ChessBase"]

1. e4 e6 2. d4 d5 3. Nc3 Nf6 4. Bg5 dxe4 5. Nxe4 Be7 6. Bxf6 gxf6 7. g3 f5 8. Nc3 Bf6 9. Nge2 Nc6 10. d5 exd5 11. Nxd5 Bxb2 12. Bg2 O-O 13. O-O Bh8 14. Nef4 Ne5 15. Qh5 Ng6 16. Rad1 c6 17. Ne3 Qf6 18. Kh1 Bg7 19. Bh3 Ne7 20. Rd3 Be6 21. Rfd1 Bh6 22. Rd4 Bxf4 23. Rxf4 Rad8 24. Rxd8 Rxd8 25. Bxf5 Nxf5 26. Nxf5 Rd5 27. g4 Bxf5 28. gxf5 h6 29. h3 Kh7 30. Qe2 Qe5 31. Qh5 Qf6 32. Qe2 Qe5 33. Qh5 Qf6 1/2-1/2

[Event "Praha (m/6)"]
[Site "?"]
[Date "1999.??.??"]
[Round "?"]
[White "Polgar, Judit"]
[Black "Shirov, A."]
[Result "0-1"]
[WhiteElo "2670"]
[BlackElo "2730"]
[PlyCount "100"]
[EventDate "1999.??.??"]
[Source "Chess Informant"]
[SourceDate "1999.06.01"]

1. e4 e6 2. d4 d5 3. Nc3 Nf6 4. Bg5 dxe4 5. Nxe4 Be7 6. Bxf6 Bxf6 7. Nf3 O-O 8. Bc4 Nc6 9. Bb5 Bd7 10. Qd2 Be7 11. O-O Ne5 12. Nxe5 Bxb5 13. c4 Ba6 14. Rac1 c5 15. dxc5 Qxd2 16. Nxd2 Rfd8 17. Nb3 Rac8 18. f4 b6 19. Rfd1 Rxd1+ 20. Rxd1 Rc7 21. Rd6 Kf8 22. cxb6 Bxd6 23. bxc7 Bxc7 24. c5 g5 25. Nc6 gxf4 26. a4 Bc4 27. Nd2 Bd5 28. Nxa7 Ba5 29. Nb1 Bb4 30. Nb5 Bxc5+ 31. Kf1 f3 32. gxf3 Bxf3 33. Nd2 Bd5 34. Ke2 Ke7 35. Kd3 f5 36. Nc3 Bb7 37. Kc4 Be3 38. Kd3 Bg1 39. b4 Bxh2 40. b5 h5 41. a5 h4 42. Ke2 h3 43. a6 Bg2 44. Kf2 Bd6 45. Nf3 Bc5+ 46. Kg3 f4+ 47. Kg4 Bg1 48. b6 Bxf3+ 49. Kxf3 h2 50. Kg2 f3+ 0-1

[Event "Tournament (computers)"]
[Site "Internet"]
[Date "2008.01.26"]
[Round "1"]
[White "Computer \"]
[Black "Computer \"]
[Result "1-0"]
[WhiteElo "2821"]
[BlackElo "2577"]
[PlyCount "149"]
[EventDate "2008.??.??"]
[Source "www.chesslib.no"]
[SourceDate "2004.05.04"]

1. e4 e6 2. d4 d5 3. Nc3 Nf6 4. Bg5 dxe4 5. Nxe4 Be7 6. Bxf6 Bxf6 7. Nf3 O-O 8. c3 Nd7 9. Bc4 b6 10. d5 Ne5 11. Nxe5 Bxe5 12. dxe6 Bxe6 13. Bxe6 fxe6 14. Qe2 g6 15. Rd1 Qe7 16. h4 Rad8 17. Rxd8 Rxd8 18. h5 Qf8 19. O-O Rd5 20. hxg6 hxg6 21. g3 Bg7 22. Re1 a5 23. c4 Rf5 24. Qg4 Qf7 25. Rd1 Qe8 26. Qh4 Kf7 27. Ng5+ Ke7 28. Nh3+ Rf6 29. Rd3 Qh8 30. Qd4 Qc8 31. c5 Rf7 32. Qc4 b5 33. Qe4 c6 34. Rd6 Rf5 35. Nf4 Bf6 36. Nxg6+ Kf7 37. Rxc6 Qd7 38. Nf4 Rxf4 39. Qh7+ Bg7 40. Rd6 Qxd6 41. Qh5+ Kf8 42. cxd6 Rd4 43. Qf3+ Kg8 44. Qc6 Bf6 45. Qe8+ Kg7 46. Qxe6 a4 47. d7 Rd1+ 48. Kg2 Rd2 49. Kf3 Rd4 50. Ke2 Kg6 51. Qg8+ Kf5 52. f3 a3 53. bxa3 Rc4 54. Qe8 Rc2+ 55. Ke1 Rh2 56. g4+ Kg5 57. Qg8+ Kh4 58. d8=Q Bxd8 59. Qxd8+ Kg3 60. Qd6+ Kg2 61. Qxh2+ Kxh2 62. Kf2 Kh3 63. Ke3 Kg3 64. g5 Kh4 65. Kf4 Kh5 66. Kf5 Kh4 67. g6 Kg3 68. Ke4 Kf2 69. g7 Ke2 70. g8=Q Kf2 71. f4 b4 72. axb4 Ke1 73. Qg2 Kd1 74. Kd3 Ke1 75. Qg1# 1-0

[Event "Corsica Masters KO"]
[Site "Bastia"]
[Date "2003.11.02"]
[Round "2.1"]
[White "Topalov, Veselin"]
[Black "Gurevich, Mikhail"]
[Result "1-0"]
[WhiteElo "2735"]
[BlackElo "2656"]
[PlyCount "131"]
[EventDate "2003.11.01"]
[Source "Roberto Alvarez"]
[SourceDate "2003.11.03"]

1. e4 e6 2. d4 d5 3. Nc3 Nf6 4. Bg5 dxe4 5. Nxe4 Nbd7 6. Nf3 h6 7. Nxf6+ Nxf6 8. Bxf6 Qxf6 9. Bd3 Bd7 10. Qe2 c5 11. Ne5 O-O-O 12. c3 cxd4 13. cxd4 Bb4+ 14. Kf1 Kb8 15. h4 Bc8 16. Qe4 Rd6 17. Nf3 Ba5 18. h5 Bb6 19. Rh4 Rhd8 20. Rf4 Qe7 21. Bc4 Qc7 22. b3 f6 23. Re1 a6 24. Kg1 Ba5 25. Rb1 b5 26. Be2 Bb7 27. Qe3 Rc6 28. Rg4 Bb6 29. Qd3 e5 30. Qh7 Rc1+ 31. Rxc1 Qxc1+ 32. Bf1 e4 33. Rxg7 Bd5 34. Nh4 Bxd4 35. Nf5 Bb6 36. Qg6 Qf4 37. Qg3 Qxg3 38. Rxg3 Be6 39. Nxh6 Rd1 40. Ng4 Bc7 41. Ne3 Rd8 42. Rg6 Bf7 43. Rxf6 Bxh5 44. Rxa6 b4 45. Rh6 Bf7 46. g3 Rd2 47. Rh7 Be6 48. Re7 Bg8 49. Bg2 Rd8 50. Bxe4 Bd6 51. Rb7+ Kc8 52. Ra7 Bc5 53. Ra8+ Kc7 54. Rxd8 Kxd8 55. Kf1 Kc7 56. Ke2 Kd6 57. f4 Bf7 58. Nc4+ Ke7 59. Kf3 Bd4 60. g4 Be8 61. Ne5 Kd6 62. Nd3 Bc3 63. g5 Bh5+ 64. Kg3 Bd2 65. Bf3 Bg6 66. Ne5 1-0

[Event "34. Olympiad"]
[Site "?"]
[Date "2000.11.01"]
[Round "5"]
[White "Milos Gilberto"]
[Black "Morozevich Alexander"]
[Result "1/2-1/2"]
[WhiteElo "2633"]
[BlackElo "2756"]
[PlyCount "43"]
[EventDate "2000.??.??"]
[Source "www.chesslib.no"]
[SourceDate "2004.05.04"]

1. e4 e6 2. d4 d5 3. Nc3 Nf6 4. Bg5 dxe4 5. Nxe4 Be7 6. Bxf6 gxf6 7. Nf3 a6 8. g3 Nc6 9. Bg2 e5 10. d5 Nb4 11. Nc3 c6 12. dxc6 Qxd1+ 13. Rxd1 bxc6 14. a3 Nd5 15. Nxd5 cxd5 16. Rxd5 O-O 17. O-O Be6 18. Rd2 Rab8 19. b4 a5 20. bxa5 Rb5 21. Nh4 Rxa5 22. Be4 1/2-1/2

[Event "Enghien-les-Bains 81/245"]
[Site "?"]
[Date "2001.??.??"]
[Round "?"]
[White "Bologan, V."]
[Black "Bareev, E."]
[Result "1-0"]
[WhiteElo "2676"]
[BlackElo "2709"]
[PlyCount "117"]
[EventDate "2001.??.??"]
[Source "Chess Informant"]
[SourceDate "2001.02.01"]

1. e4 e6 2. d4 d5 3. Nc3 Nf6 4. Bg5 dxe4 5. Nxe4 Be7 6. Bxf6 Bxf6 7. Nf3 Nd7 8. Qe2 O-O 9. O-O-O b6 10. Ne5 Bxe5 11. dxe5 Qe7 12. f4 Bb7 13. Qe3 Rad8 14. Bd3 Bxe4 15. Bxe4 Nc5 16. Bc6 a5 17. Rde1 f5 18. g3 h6 19. b3 Na6 20. c3 Qa3+ 21. Kb1 Nc5 22. Qc1 Qxc1+ 23. Rxc1 g5 24. Kc2 Kf7 25. Rcd1 gxf4 26. gxf4 Ne4 27. Rhg1 Nf2 28. Rd4 Rxd4 29. cxd4 Rd8 30. Kc3 Ne4+ 31. Kd3 Nc5+ 32. Ke3 Na6 33. a3 Rg8 34. Rc1 Nb8 35. Bf3 c6 36. Bxc6 Nxc6 37. Rxc6 Rg1 38. Rxb6 Re1+ 39. Kd3 Rf1 40. Rb7+ Kf8 41. Kc4 Rxf4 42. Kc5 Re4 43. Kd6 Rxd4+ 44. Kxe6 f4 45. Rf7+ Ke8 46. Rh7 Kd8 47. Rxh6 f3 48. Rf6 Rd3 49. Kf7 Rxb3 50. e6 Rb7+ 51. Kg8 Re7 52. h4 f2 53. Rxf2 Rxe6 54. h5 Ke7 55. Rf7+ Kd6 56. Kg7 Re3 57. Rf6+ Kc5 58. h6 Rxa3 59. h7 1-0

[Event "4NCL"]
[Site "?"]
[Date "2000.05.01"]
[Round "11"]
[White "Short Nigel D"]
[Black "Gurevich Mikhail N"]
[Result "1/2-1/2"]
[WhiteElo "2683"]
[BlackElo "2694"]
[PlyCount "113"]
[EventDate "2000.??.??"]
[Source "www.chesslib.no"]
[SourceDate "2004.05.04"]

1. e4 e6 2. d4 d5 3. Nc3 Nf6 4. Bg5 dxe4 5. Nxe4 Be7 6. Bxf6 Bxf6 7. Nf3 O-O 8. Bc4 Nc6 9. c3 e5 10. d5 Ne7 11. Nxf6+ gxf6 12. Nh4 Ng6 13. Qh5 Qd7 14. h3 Nxh4 15. Qxh4 Qf5 16. O-O-O Bd7 17. f4 Qxf4+ 18. Qxf4 exf4 19. Rhf1 Rae8 20. Rxf4 f5 21. Bd3 Re5 22. c4 Rc8 23. Kd2 c6 24. dxc6 Rxc6 25. Re1 Rxe1 26. Kxe1 Rg6 27. Kf2 Bc6 28. g3 Rd6 29. Ke3 Rg6 30. Kf2 Rd6 31. Ke2 Rg6 32. Bxf5 Rxg3 33. Rg4+ Rxg4 34. hxg4 Kg7 35. Ke3 Kf6 36. Bxh7 Ke5 37. g5 b6 38. b4 Bd7 39. Bd3 Bc8 40. a3 Be6 41. c5 bxc5 42. bxc5 Bd7 43. Bc4 Be8 44. Bb3 f6 45. gxf6 Kxf6 46. Kd4 Ke7 47. Ke5 Bb5 48. Be6 Bc6 49. Bd5 Bxd5 50. Kxd5 Kd7 51. c6+ Kc7 52. Kc5 Kb8 53. Kd6 Kc8 54. c7 a6 55. Kc6 a5 56. Kb6 a4 57. Kc6 1/2-1/2

[Event "WchT 4th"]
[Site "Luzern"]
[Date "1997.10.25"]
[Round "1"]
[White "Yermolinsky, Alex"]
[Black "Ivanchuk, Vassily"]
[Result "1/2-1/2"]
[WhiteElo "2650"]
[BlackElo "2725"]
[PlyCount "83"]
[EventDate "1997.10.??"]
[Source "ChessBase"]
[SourceDate "1998.01.31"]

1. e4 e6 2. d4 d5 3. Nc3 Nf6 4. Bg5 dxe4 5. Nxe4 Nbd7 6. Nf3 h6 7. Nxf6+ Nxf6 8. Be3 Bd6 9. Qd2 Bd7 10. Bd3 Qe7 11. O-O-O Ng4 12. Rhe1 Bc6 13. Qe2 Nxe3 14. Qxe3 O-O-O 15. Be4 Qf6 16. g3 Bxe4 17. Qxe4 Rd7 18. Rd3 Rhd8 19. a3 c6 20. Kb1 Bc7 21. Red1 h5 22. R1d2 Qf5 23. Qe3 Ba5 24. Rd1 Bc7 25. h4 a6 26. Ng5 Bb6 27. f4 c5 28. dxc5 Bxc5 29. Rxd7 Rxd7 30. Qe1 Rxd1+ 31. Qxd1 f6 32. Nf3 Qe4 33. Ne1 Bf2 34. Nd3 Bxg3 35. Qg1 Bxf4 36. Qxg7 Qh1+ 37. Ka2 Qd5+ 38. b3 Qf5 39. Qf8+ Kc7 40. Qe7+ Kc8 41. Qe8+ Kc7 42. Qe7+ 1/2-1/2

[Event "Moscow PCA-GP"]
[Site "Moscow"]
[Date "1996.??.??"]
[Round "1.1"]
[White "Topalov, Veselin"]
[Black "Dreev, Alexey"]
[Result "0-1"]
[WhiteElo "2700"]
[BlackElo "2670"]
[PlyCount "78"]
[EventDate "1996.04.??"]
[Source "ChessBase"]

1. e4 e6 2. d4 d5 3. Nc3 Nf6 4. Bg5 dxe4 5. Nxe4 Be7 6. Bxf6 Bxf6 7. Nf3 O-O 8. Qd2 Nd7 9. O-O-O b6 10. Bd3 Bb7 11. c3 Be7 12. h4 c5 13. dxc5 Qc7 14. Neg5 Nf6 15. Qc2 h6 16. Rde1 Bxf3 17. Nxf3 Bxc5 18. Ne5 Bd6 19. f4 Rad8 20. Qe2 Nd5 21. Bc2 Rfe8 22. Qe4 f5 23. Qf3 Bxe5 24. fxe5 Qc4 25. Kb1 Qf4 26. Qe2 Rc8 27. Rh3 Red8 28. Rf1 Qc4 29. Bd3 Qa4 30. Bb5 Qa5 31. Bc4 b5 32. Bb3 b4 33. cxb4 Qxb4 34. a3 Qb6 35. Rd1 Nf4 36. Rxd8+ Rxd8 37. Qf3 Nxh3 38. gxh3 Rb8 39. Ka2 f4 0-1

[Event "Esbjerg 83/(265)"]
[Site "?"]
[Date "2001.??.??"]
[Round "?"]
[White "Svidler, P."]
[Black "Gurevich, M."]
[Result "1/2-1/2"]
[WhiteElo "2689"]
[BlackElo "2667"]
[PlyCount "39"]
[EventDate "2001.??.??"]
[Source "Chess Informant"]
[SourceDate "2001.10.01"]

1. e4 e6 2. d4 d5 3. Nc3 Nf6 4. Bg5 dxe4 5. Nxe4 Be7 6. Bxf6 Bxf6 7. Nf3 Nd7 8. Bc4 a6 9. Qe2 b5 10. Bd5 Rb8 11. O-O-O O-O 12. Bc6 Rb6 13. d5 exd5 14. Bxd5 c6 15. Bb3 c5 16. Bd5 Qc7 17. Rhe1 Bd8 18. Neg5 Bxg5+ 19. Nxg5 Nf6 20. Qe5 1/2-1/2

[Event "FIDE GP"]
[Site "Dubai"]
[Date "2002.04.03"]
[Round "1.1"]
[White "Svidler, Peter"]
[Black "Short, Nigel D"]
[Result "1/2-1/2"]
[WhiteElo "2688"]
[BlackElo "2663"]
[PlyCount "78"]
[EventDate "2002.04.03"]
[Source "ChessBase"]
[SourceDate "2002.08.12"]

1. e4 e6 2. d4 d5 3. Nc3 Nf6 4. Bg5 dxe4 5. Nxe4 Be7 6. Bxf6 gxf6 7. Nf3 a6 8. c3 f5 9. Nc5 b6 10. Nd3 c5 11. dxc5 bxc5 12. Qa4+ Bd7 13. Qf4 Nc6 14. g4 fxg4 15. Nfe5 f5 16. Bg2 Nxe5 17. Nxe5 Bg5 18. Qc4 Bd2+ 19. Kd1 Bf4 20. Nxd7 Qxd7+ 21. Ke2 Qd2+ 22. Kf1 Kf7 23. Bxa8 Rxa8 24. Re1 Re8 25. Kg2 Qd6 26. Rhf1 h5 27. Rd1 Qc6+ 28. f3 Bb8 29. Qd3 Kf6 30. Qd7 gxf3+ 31. Rxf3 Rg8+ 32. Kf2 Qe4 33. Re1 Qc2+ 34. Re2 Rg2+ 35. Kxg2 Qxe2+ 36. Rf2 Qe4+ 37. Kf1 Qb1+ 38. Kg2 Qe4+ 39. Kf1 Qb1+ 1/2-1/2